ბათუმის შოთა რუსთაველის სახელმწიფო უნივერსიტეტის ბიბლიოთეკა

სიცოცხლის ფილოსოფია : პრობლემები და პერსპექტივები : (ბიბ.ჩანაწერი № 58317)

000 -ლიდერი
ფიქსირებული სიგრძის საკონტროლო ველი 01884nam a22002417a 4500
003 - საკონტროლო ნომრის იდენტიფიკატორი
საკონტროლო ველი Ge_BSU
005 - ბოლო ოპერაციის თარიღი და დრო
საკონტროლო ველი 20211103134429.0
008 - ფიქსირებული სიგრძის მონაცემთა ელემენტები - ზოგადი ინფორმაცია
ფიქსირებული სიგრძის საკონტროლო ველი 211103s2009 ge ||||| |||| 00| 0 geo d
020 ## - წიგნის საერთაშორისო სტანდარტული ნომერი
International Standard Book Number 9789941404665
041 ## - ენის კოდი
Language code of text/sound track or separate title geo
080 ## - უნივერსალური ათობითი კლასიფიკაციის ინდექსი
Universal Decimal Classification number 128/129+165.745 ს-47
245 ## - ცნობა სათაურის შესახებ
Title სიცოცხლის ფილოსოფია : პრობლემები და პერსპექტივები :
Remainder of title [კრებული /
Statement of responsibility, etc გრ. რობაქიძის სახ. უნ-ტი, ფილოსოფიის ინ-ტის ქართ. და უცხოეთის ფილოს. ისტორიის განყ-ბა, შოთა რუსთაველის სახელმწ. უნ-ტი ; რედ.-შემდგ.: ლალი ზაქარაძე, მიხეილ გოგატიშვილი].
264 ## - წარმოების, გამოცემის, დისტრიბუციის და სხვა ცნობები
გამოცემის, წარმოების, დისტრიბუციის... ადგილი თბ. :
გამოცემის, წარმოების, დისტრიბუციის... სახელწოდება ნეკერი,
გამოცემის, წარმოების, დისტრიბუციის... თარიღი 2009.
300 ## - ფიზიკური აღწერა
Extent 87 გვ. ;
Other physical details 20 სმ.
440 ## - სერიის ცნობა / დამატებულია ჩანაწერი - სათაური
Title ფილოსოფია, სოციოლოგია, მედიის თეორია
9 (RLIN) 12798
501 ## - შენიშვნა თანმხლებ მასალაზე
With note სახელთა საძიებელი: გვ. 86-87.
504 ## - BIBLIOGRAPHY, ETC. NOTE
Bibliography, etc ბიბლიოგრ. ტექსტ. შენიშვნ.
653 ## - INDEX TERM--UNCONTROLLED
Uncontrolled term სიცოცხლის ფილოსოფია
700 ## - ADDED ENTRY--PERSONAL NAME
Personal name ზაქარაძე, ლალი
Relator term რედ.-შემდგენელი
9 (RLIN) 12799
700 ## - ADDED ENTRY--PERSONAL NAME
Personal name გოგატიშვილი, მიხეილ
Relator term რედ.-შემდგენელი
9 (RLIN) 12795
710 ## - ADDED ENTRY--CORPORATE NAME
Corporate name or jurisdiction name as entry element გრ. რობაქიძის სახ. უნ-ტი, ფილოსოფიის ინ-ტის ქართ. და უცხოეთის ფილოს. ისტორიის განყ-ბა, შოთა რუსთაველის სახელმწ. უნ-ტი
9 (RLIN) 12800
942 ## - ADDED ENTRY ELEMENTS (KOHA)
Source of classification or shelving scheme
Koha item type წიგნი
ეგზემპლარები
ჩამოწერის სტატუსი დაკარგული ეგზემპლარის სტატუსი კლასიფიკაციის წყარო ან თაროზე გაწყობის სქემა დაზიანების სტატუსი არ გაიცემა მუდმივი მდებარეობა (დაცვის ადგილი) ამჟამინდელი ადგილსამყოფელი თაროზე განთავსების ადგილი შეძენის თარიღი ღირებულება, შესყიდვის ნორმალური ფასი სრული შენახვის შიფრი შტრიხკოდი ბოლო ოპერაციის თარიღი ეგზემპლარის მიმდევრობითი ნომერი (კეტერი?) ფასის ძალაში შესვლის თარიღი ეგზემპლარის სახეობა საჯარო შენიშვნა
          ბათუმის შოთა რუსთაველის სახელმწიფო უნივერსიტეტის მთავარი ბიბლიოთეკა ბათუმის შოთა რუსთაველის სახელმწიფო უნივერსიტეტის მთავარი ბიბლიოთეკა წიგნსაცავი 2021-11-03 5.00 128/129+165.745 ს-47 61910 2021-11-03 61910 2021-11-03 წიგნი 5 ლ.